000 00487nam a22001697a 4500
005 20250716124920.0
008 250716b |||||||| |||| 00| 0 eng d
020 _a9781841214061
_qpbk
041 _aeng
082 _a823.0083
_bANH
100 _aAnholt, Laurence
100 _aRobins, Arthur
245 _aThe Emperor's Underwear
_b: seriously silly stories
_cby Laurence Anholt Illustrated by Arthur Robins
260 _aLondon
_bOrchard
_c2002
300 _a64p.
942 _cENGLISH
999 _c576004
_d576004